<?xml version="1.0" encoding="UTF-8"?><?xml-stylesheet type="text/xsl" href="static/style.xsl"?><OAI-PMH xmlns="http://www.openarchives.org/OAI/2.0/" xmlns:xsi="http://www.w3.org/2001/XMLSchema-instance" xsi:schemaLocation="http://www.openarchives.org/OAI/2.0/ http://www.openarchives.org/OAI/2.0/OAI-PMH.xsd"><responseDate>2026-04-14T15:36:05Z</responseDate><request verb="GetRecord" identifier="oai:uvadoc.uva.es:10324/9403" metadataPrefix="marc">https://uvadoc.uva.es/oai/request</request><GetRecord><record><header><identifier>oai:uvadoc.uva.es:10324/9403</identifier><datestamp>2021-07-06T08:26:44Z</datestamp><setSpec>com_10324_5268</setSpec><setSpec>com_10324_5186</setSpec><setSpec>com_10324_29291</setSpec><setSpec>col_10324_5282</setSpec></header><metadata><record xmlns="http://www.loc.gov/MARC21/slim" xmlns:doc="http://www.lyncode.com/xoai" xmlns:xsi="http://www.w3.org/2001/XMLSchema-instance" xmlns:dcterms="http://purl.org/dc/terms/" xsi:schemaLocation="http://www.loc.gov/MARC21/slim http://www.loc.gov/standards/marcxml/schema/MARC21slim.xsd">
<leader>00925njm 22002777a 4500</leader>
<datafield tag="042" ind1=" " ind2=" ">
<subfield code="a">dc</subfield>
</datafield>
<datafield tag="720" ind1=" " ind2=" ">
<subfield code="a">Chueca Moncayo, Fernando J.</subfield>
<subfield code="e">author</subfield>
</datafield>
<datafield tag="260" ind1=" " ind2=" ">
<subfield code="c">2003</subfield>
</datafield>
<datafield tag="520" ind1=" " ind2=" ">
<subfield code="a">El presente artículo pretende revisar desde un punto de vista teórico y didáctico las nociones de coherencia y de cohesión, así como su relación con otros conceptos cercanos, como son los de discurso y texto. Así, partiremos desde una aproximación lingüística a estos conceptos para finalizar en la utilidad que ambos tienen como herramienta de análisis lingüístico no sólo en la comprensión de un texto origen, sino también en la producción de un texto meta.</subfield>
</datafield>
<datafield tag="024" ind2=" " ind1="8">
<subfield code="a">Hermeneus: Revista de la Facultad de Traducción e Interpretación de Soria, 2003, N.5, pags.43-70</subfield>
</datafield>
<datafield tag="024" ind2=" " ind1="8">
<subfield code="a">1139-7489</subfield>
</datafield>
<datafield tag="024" ind2=" " ind1="8">
<subfield code="a">http://uvadoc.uva.es/handle/10324/9403</subfield>
</datafield>
<datafield tag="024" ind2=" " ind1="8">
<subfield code="a">43</subfield>
</datafield>
<datafield tag="024" ind2=" " ind1="8">
<subfield code="a">5</subfield>
</datafield>
<datafield tag="024" ind2=" " ind1="8">
<subfield code="a">70</subfield>
</datafield>
<datafield tag="024" ind2=" " ind1="8">
<subfield code="a">Hermeneus: Revista de la Facultad de Traducción e Interpretación de Soria</subfield>
</datafield>
<datafield ind1=" " ind2=" " tag="653">
<subfield code="a">Filología</subfield>
</datafield>
<datafield tag="245" ind1="0" ind2="0">
<subfield code="a">Desarrollo didáctico de las nociones de "coherencia" y "cohesión" y su aplicación a los estudios de traducción</subfield>
</datafield>
</record></metadata></record></GetRecord></OAI-PMH>